Pays les plus proches de la Roumanie - une minute sprint - Statistiques

Statistiques générales
  • Ce quiz a été pris 203 fois
  • Le résultat moyen est 14 sur 20
Statistiques - réponses
km pays % Correct
0 Bulgarie
94%
0 Moldavie
91%
0 Ukraine
91%
0 Hongrie
89%
0 Serbie
88%
220 Russie
82%
68 Slovaquie
76%
235 Grèce
73%
156 Kosovo
73%
266 Albanie
69%
221 Monténégro
67%
284 Slovénie
67%
170 Macédoine du Nord
66%
107 Croatie
65%
201 Turquie
65%
129 Bosnie- Herzégovine
63%
101 Pologne
61%
304 Autriche
59%
365 Biélorussie
56%
322 Tchèquie
56%
Aucun quiz correspondant
Distribution des résultats
% des personnes avec chaque résultat
Percentile par nombre de réponses
Votre historique - résultats
Vous n’avez pas pris ce quiz